[Event "NAYCC U12"]
[Site "Montreal CAN"]
[Date "2010.08.16"]
[Round "2"]
[White "Li, Yinshi"]
[Black "Chiku-Ratte, Olivier-Kenta"]
[Result "0-1"]
[WhiteElo "1634"]
[BlackElo "1988"]
[PlyCount "96"]
[EventDate "2010.08.16"]
[EventType "swiss"]
[EventRounds "7"]
[EventCountry "CAN"]

1. d4 Nf6 2. c4 c5 3. d5 e6 4. Nc3 exd5 5. cxd5 d6 6. g3 g6 7. Bg2 Bg7 8. Nf3
O-O 9. O-O Re8 10. Re1 Na6 11. a3 Nc7 12. e4 b5 13. Qb3 Rb8 14. Bg5 h6 15. Bxf6
Bxf6 16. Nd2 Bd7 17. Qc2 a5 18. f4 Na6 19. Ne2 c4 20. Rab1 Rc8 21. b4 axb4 22.
axb4 Qb6+ 23. Kh1 c3 24. Nf1 Rc4 25. Nc1 Nxb4 26. Qe2 c2 27. Rb3 Nxd5 28. Qd3
Nb4 29. Qf3 Bc6 30. Rbe3 Bd4 31. R3e2 Bc3 32. Nd2 Bxd2 33. Rxd2 Bxe4 34. Qf1
Bxg2+ 35. Rxg2 Rce4 36. Rge2 Qd4 37. Rxe4 Rxe4 38. Kg2 Qd2+ 39. Re2 Rxe2+ 40.
Nxe2 c1=Q 41. Qxc1 Qxe2+ 42. Kh3 Nd5 43. Qc6 Qf1+ 44. Kh4 Qg2 45. Qc8+ Kg7 46.
h3 Ne7 47. Qc3+ Kg8 48. Kg4 Qe2+ 0-1

[Event "NAYCC U12"]
[Site "Montreal CAN"]
[Date "2010.08.17"]
[Round "3"]
[White "Chiku-Ratte, Olivier-Kenta"]
[Black "Zhu, Hong Rui"]
[Result "0-1"]
[WhiteElo "1720"]
[BlackElo "1706"]
[PlyCount "140"]
[EventDate "2010.08.16"]
[EventType "swiss"]
[EventRounds "7"]
[EventCountry "CAN"]

1. d4 d5 2. c4 e6 3. Nc3 Be7 4. cxd5 exd5 5. Bf4 Nf6 6. e3 O-O 7. Bd3 c6 8. h3
Nbd7 9. Nf3 Re8 10. Qc2 Nf8 11. O-O Ng6 12. Bh2 Bd6 13. Bxd6 Qxd6 14. Rab1 a5
15. Na4 Ne4 16. Bxe4 dxe4 17. Nd2 Nh4 18. Kh1 Qh6 19. Rg1 Nf3 20. Nxf3 exf3 21.
Kh2 fxg2 22. Rxg2 Bxh3 23. Kg1 Bxg2 24. Kxg2 Qg6+ 25. Qxg6 hxg6 26. Rc1 f6 27.
Nc5 Re7 28. Kf3 Rc8 29. Nb3 b6 30. Nd2 Rec7 31. Ne4 Rd8 32. Nc3 c5 33. d5 f5
34. Kf4 Kf7 35. f3 Kf6 36. Rg1 Rh8 37. e4 g5+ 38. Ke3 g6 39. Re1 g4 40. fxg4
fxe4 41. Kf4 g5+ 42. Kg3 Re8 43. Nxe4+ Kg6 44. d6 Rd7 45. Nxc5 Rxe1 46. Nxd7
Rd1 47. Nxb6 Rxd6 48. Nc4 Rd5 49. Kf3 Rc5 50. b3 a4 51. Ke4 axb3 52. axb3 Rb5
53. Ne3 Rb4+ 54. Ke5 Rxb3 55. Nf5 Rb4 56. Nd4 Ra4 57. Kd5 Kf6 58. Ke4 Rb4 59.
Kd5 Rb1 60. Ke4 Rf1 61. Nf3 Rf2 62. Ng1 Rf4+ 63. Ke3 Rxg4 64. Kf2 Kf5 65. Nh3
Ra4 66. Ng1 Ra2+ 67. Kg3 Ra3+ 68. Kf2 Kg4 69. Kg2 Ra2+ 70. Kh1 Kg3 0-1

[Event "NAYCC U12"]
[Site "Montreal CAN"]
[Date "2010.08.17"]
[Round "4"]
[White "Chiku-Ratte, Olivier-Kenta"]
[Black "Song, Terry"]
[Result "0-1"]
[WhiteElo "1720"]
[BlackElo "939"]
[PlyCount "110"]
[EventDate "2010.08.16"]
[EventType "swiss"]
[EventRounds "7"]
[EventCountry "CAN"]

1. d4 Nf6 2. c4 c5 3. d5 b5 4. cxb5 a6 5. b6 Qxb6 6. Nc3 g6 7. a4 d6 8. a5 Qc7
9. e4 Bg7 10. Bc4 O-O 11. f4 Nbd7 12. Nf3 Bb7 13. O-O Rfb8 14. Qd3 Ne8 15. Re1
Bc8 16. b3 Ndf6 17. Ra2 e5 18. f5 Qd8 19. h3 Nc7 20. g4 Bd7 21. Bg5 Nb5 22. Ne2
Ra7 23. Ng3 Nd4 24. Nxd4 cxd4 25. Rb1 Bb5 26. Rc1 Rab7 27. Ra3 Rc8 28. Raa1
Rcb8 29. Ra3 Rc8 30. Bd2 Rbc7 31. Raa1 Bxc4 32. bxc4 Nd7 33. Rab1 Nc5 34. Qc2
Rb8 35. Bb4 Bh6 36. Rd1 Bf4 37. Bxc5 Rxb1 38. Rxb1 Rxc5 39. Ne2 Be3+ 40. Kg2
Qxa5 41. Qb3 Qc7 42. Qa4 Rxc4 43. Qe8+ Kg7 44. fxg6 Rc2 45. Kf3 Rxe2 46. Qxf7+
Qxf7+ 47. gxf7 Rf2+ 48. Kg3 Rxf7 49. Rb6 d3 50. Rb1 d2 51. Rd1 Rc7 52. Kf3 Rc1
53. Ke2 Rxd1 54. Kxd1 a5 55. Kc2 a4 0-1

[Event "NAYCC U12"]
[Site "Montreal CAN"]
[Date "2010.08.18"]
[Round "5"]
[White "Liu, Yu Qing"]
[Black "Chiku-Ratte, Olivier-Kenta"]
[Result "0-1"]
[WhiteElo "1113"]
[BlackElo "1720"]
[PlyCount "50"]
[EventDate "2010.08.16"]
[EventType "swiss"]
[EventRounds "7"]
[EventCountry "CAN"]

1. e4 c5 2. Nf3 d6 3. d4 cxd4 4. Nxd4 Nf6 5. Nc3 g6 6. f3 Bg7 7. Be3 Nc6 8. Qd2
O-O 9. O-O-O d5 10. exd5 Nxd5 11. h4 Nxe3 12. Qxe3 Bxd4 13. Qg5 Bf6 14. Rxd8
Bxg5+ 15. hxg5 Rxd8 16. Bc4 Ne5 17. Bb3 Be6 18. Bxe6 fxe6 19. Re1 Nc6 20. Nb5
Nd4 21. Nxd4 Rxd4 22. Rxe6 Kf7 23. Re5 Rad8 24. Re1 Rd2 25. g4 Rf2 0-1

[Event "NAYCC U12"]
[Site "Montreal CAN"]
[Date "2010.08.18"]
[Round "6"]
[White "Shi, Diwen"]
[Black "Chiku-Ratte, Olivier-Kenta"]
[Result "0-1"]
[WhiteElo "1577"]
[BlackElo "1720"]
[PlyCount "122"]
[EventDate "2010.08.16"]
[EventType "swiss"]
[EventRounds "7"]
[EventCountry "CAN"]

1. d4 Nf6 2. Nf3 c5 3. d5 e6 4. c4 exd5 5. cxd5 d6 6. Bf4 h6 7. Nc3 Nh5 8. Bg3
Nxg3 9. hxg3 Be7 10. Qd2 O-O 11. e4 Bf6 12. Bd3 Re8 13. O-O-O a6 14. Nh4 b5 15.
Nf5 Bxf5 16. exf5 c4 17. Bc2 Nd7 18. Ne4 Nc5 19. Rde1 Nxe4 20. Rxe4 Rxe4 21.
Bxe4 c3 22. bxc3 Rc8 23. Kb1 Bxc3 24. Qe3 Qf6 25. Rc1 Rc4 26. a3 Ba1 27. Rc2
Rc5 28. Ra2 Bd4 29. Qd2 Bc3 30. Qe3 a5 31. f3 Qe7 32. f4 Rxd5 33. Re2 Rc5 34.
Qd3 Bf6 35. Bc6 Qc7 36. Bxb5 Rc1+ 37. Ka2 Qc5 38. Rb2 Rc3 39. Qd2 Rxa3+ 40. Kb1
Bxb2 41. Kxb2 Qb4+ 42. Qxb4 axb4 43. Be2 Rxg3 44. Bf3 h5 45. Bxh5 Rxg2+ 46. Kb3
Rf2 47. Kxb4 Rxf4+ 48. Kc3 Rxf5 49. Bg4 Rf4 50. Bh5 g5 51. Be2 g4 52. Kd2 Rf2
53. Ke1 g3 54. Bd1 Rf4 55. Bc2 g2 56. Bd3 g1=Q+ 57. Kd2 Rd4 58. Kc2 Qe3 59.
Bh7+ Kxh7 60. Kb2 Rd2+ 61. Kc1 Qe1# 0-1

[Event "NAYCC U12"]
[Site "Montreal CAN"]
[Date "2010.08.19"]
[Round "7"]
[White "Chiku-Ratte, Olivier-Kenta"]
[Black "Lim, Michael"]
[Result "1-0"]
[WhiteElo "1720"]
[BlackElo "1766"]
[PlyCount "91"]
[EventDate "2010.08.16"]
[EventType "swiss"]
[EventRounds "7"]
[EventCountry "CAN"]

1. d4 d5 2. c4 c6 3. Nc3 Nf6 4. Nf3 e6 5. e3 Nbd7 6. Bd3 dxc4 7. Bxc4 b5 8. Bd3
a6 9. e4 c5 10. e5 cxd4 11. Ne4 Nd5 12. Bg5 f6 13. exf6 gxf6 14. Nxd4 Ne5 15.
Be3 Bb4+ 16. Ke2 Rg8 17. Ng3 f5 18. a3 Be7 19. Qd2 Bd6 20. Ndxf5 exf5 21. Bxb5+
Ke7 22. Qxd5 Be6 23. Qb7+ Nd7 24. Bxd7 Rb8 25. Bxe6+ Rxb7 26. Bxg8 Rxb2+ 27.
Kf1 Qxg8 28. Nxf5+ Ke6 29. Nxd6 Kxd6 30. Bf4+ Ke7 31. Re1+ Kf7 32. h3 Kg6 33.
Kg1 Qf7 34. Be3 Ra2 35. Kh2 Rxa3 36. Rd1 Qc7+ 37. Kg1 a5 38. h4 h5 39. Rh3 a4
40. Bf4 Qc2 41. Rd6+ Kf5 42. Rxa3 Kxf4 43. Rd4+ Ke5 44. Raxa4 Qc1+ 45. Kh2 Qe1
46. Re4+ 1-0

[Event "Quebec op Open"]
[Site "Montreal CAN"]
[Date "2010.07.24"]
[Round "1"]
[White "Chiku-Ratte, Olivier-Kenta"]
[Black "Rosen, Matthew"]
[Result "0-1"]
[WhiteElo "1898"]
[BlackElo "2162"]
[PlyCount "60"]
[EventDate "2010.07.24"]
[EventType "swiss"]
[EventRounds "9"]
[EventCountry "CAN"]

1. d4 d5 2. c4 dxc4 3. Nf3 Nf6 4. e3 e6 5. Bxc4 a6 6. Bb3 c5 7. O-O Nc6 8. Nc3
b5 9. a4 b4 10. Ne2 Be7 11. Ng3 Bb7 12. Re1 O-O 13. Bc2 Qb6 14. b3 Rfd8 15. Bb2
Rac8 16. Qe2 cxd4 17. exd4 Bf8 18. Ne4 Nxe4 19. Qxe4 g6 20. Qh4 Bg7 21. Rad1
Na5 22. Be4 Nxb3 23. Bxb7 Qxb7 24. Qh3 Rc2 25. Ng5 Rxb2 26. Qxh7+ Kf8 27. Rxe6
Nxd4 28. Ree1 Qd5 29. Qh4 Ne2+ 30. Kf1 Qxd1 0-1

[Event "Quebec op Open"]
[Site "Montreal CAN"]
[Date "2010.07.25"]
[Round "2"]
[White "Lachance, Steve"]
[Black "Chiku-Ratte, Olivier-Kenta"]
[Result "0-1"]
[WhiteElo "2097"]
[BlackElo "1898"]
[PlyCount "56"]
[EventDate "2010.07.24"]
[EventType "swiss"]
[EventRounds "9"]
[EventCountry "CAN"]

1. d4 Nf6 2. Nf3 c5 3. c4 cxd4 4. Nxd4 g6 5. Nc3 Bg7 6. e4 d6 7. Be2 O-O 8. Be3
Nc6 9. O-O Bd7 10. Rb1 Rc8 11. f3 Na5 12. b3 a6 13. Qd2 Nc6 14. Rfd1 Ne5 15.
Rbc1 Re8 16. Nd5 Nxd5 17. cxd5 Rxc1 18. Rxc1 Qb8 19. h3 f5 20. f4 Nf7 21. exf5
gxf5 22. Bd3 Nh6 23. Re1 b5 24. Rc1 Bxd4 25. Bxd4 Qb7 26. Qb2 Qxd5 27. Bh8 e5
28. fxe5 dxe5 0-1

[Event "Quebec op Open"]
[Site "Montreal CAN"]
[Date "2010.07.25"]
[Round "3"]
[White "Chiku-Ratte, Olivier-Kenta"]
[Black "Dumont, Felix"]
[Result "1/2-1/2"]
[WhiteElo "1898"]
[BlackElo "2070"]
[PlyCount "90"]
[EventDate "2010.07.24"]
[EventType "swiss"]
[EventRounds "9"]
[EventCountry "CAN"]

1. d4 Nf6 2. c4 g6 3. Nc3 Bg7 4. e4 d6 5. f4 O-O 6. Nf3 Na6 7. Be2 e5 8. fxe5
dxe5 9. d5 Nc5 10. Bg5 h6 11. Bxf6 Qxf6 12. b4 Nd7 13. c5 a5 14. a3 axb4 15.
axb4 Rxa1 16. Qxa1 Qf4 17. Qb2 f5 18. g3 Qe3 19. Qd2 Qxd2+ 20. Nxd2 Nf6 21. O-O
fxe4 22. Ndxe4 Bf5 23. Bd3 Kh8 24. Ra1 Nxd5 25. Nxd5 Rd8 26. Bc4 Bxe4 27. Nxc7
Bd3 28. Rd1 e4 29. Bxd3 exd3 30. Ne6 Rd7 31. b5 Be5 32. Nf8 Bd4+ 33. Kg2 Rf7
34. Ne6 Rf2+ 35. Kh3 Bf6 36. Rxd3 h5 37. c6 bxc6 38. bxc6 g5 39. g4 Be5 40.
gxh5 Rxh2+ 41. Kg4 Rc2 42. Rd8+ Kh7 43. Nxg5+ Kg7 44. h6+ Kg6 45. Rg8+ Kxh6
1/2-1/2

[Event "Quebec op Open"]
[Site "Montreal CAN"]
[Date "2010.07.27"]
[Round "5"]
[White "Chiku-Ratte, Olivier-Kenta"]
[Black "Acosta, Mariano"]
[Result "1/2-1/2"]
[WhiteElo "1898"]
[BlackElo "2261"]
[PlyCount "58"]
[EventDate "2010.07.24"]
[EventType "swiss"]
[EventRounds "9"]
[EventCountry "CAN"]

1. d4 Nf6 2. c4 e5 3. dxe5 Ng4 4. Bf4 Nc6 5. Nf3 Bb4+ 6. Nbd2 Qe7 7. e3 Ngxe5
8. Nxe5 Nxe5 9. Be2 O-O 10. O-O Ng6 11. Bg3 d6 12. Nb3 a5 13. a3 Bc5 14. Nxc5
dxc5 15. Bf3 f5 16. Re1 Ra6 17. Qc2 Kh8 18. Rad1 Nh4 19. Bxh4 Qxh4 20. Rd5 Qe7
21. Red1 Raf6 22. Qc3 b6 23. Qd3 f4 24. e4 h6 25. h3 Rg6 26. Kh2 Rg5 27. Rd8
Be6 28. a4 Re5 29. b3 Kg8 1/2-1/2

[Event "Quebec op Open"]
[Site "Montreal CAN"]
[Date "2010.07.28"]
[Round "6"]
[White "Chiku-Ratte, Olivier-Kenta"]
[Black "Leutschaft, Martin"]
[Result "0-1"]
[WhiteElo "1898"]
[BlackElo "2133"]
[PlyCount "80"]
[EventDate "2010.07.24"]
[EventType "swiss"]
[EventRounds "9"]
[EventCountry "CAN"]

1. d4 Nf6 2. c4 c5 3. d5 b5 4. cxb5 a6 5. b6 Qxb6 6. Nc3 g6 7. a4 Bg7 8. a5 Qb4
9. Ra4 Qb7 10. e4 d6 11. f4 O-O 12. Bc4 Bd7 13. Ra2 Bb5 14. Qd3 Bxc4 15. Qxc4
Nbd7 16. Nf3 Rfb8 17. O-O Qb3 18. Nd2 Qxc4 19. Nxc4 Rb4 20. Nd2 Ng4 21. Ne2 Ne3
22. Rf3 Nc2 23. b3 Nd4 24. Nxd4 Bxd4+ 25. Kf1 Rab8 26. Ra3 Nf6 27. h3 c4 28.
bxc4 Rb1 29. Nxb1 Rxb1 30. Ke2 Rxc1 31. Kd3 Bc5 32. Rb3 Ra1 33. e5 dxe5 34.
fxe5 Nd7 35. Ke4 Re1+ 36. Kf4 Nxe5 37. Rfc3 Bd6 38. Kg5 f6+ 39. Kh4 Re4+ 40. g4
Nxc4 0-1

[Event "Quebec op Open"]
[Site "Montreal CAN"]
[Date "2010.07.29"]
[Round "7"]
[White "Laurain, Guy"]
[Black "Chiku-Ratte, Olivier-Kenta"]
[Result "0-1"]
[WhiteElo "2148"]
[BlackElo "1898"]
[PlyCount "62"]
[EventDate "2010.07.24"]
[EventType "swiss"]
[EventRounds "9"]
[EventCountry "CAN"]

1. e4 c5 2. Nf3 d6 3. d4 cxd4 4. Nxd4 Nf6 5. Nc3 g6 6. Be2 Bg7 7. O-O O-O 8.
Be3 Nc6 9. Kh1 d5 10. exd5 Nxd5 11. Nxd5 Qxd5 12. Bf3 Qc4 13. b3 Qc3 14. Nxc6
bxc6 15. Rc1 Bf5 16. Qe1 Qb2 17. Qa5 Rad8 18. c4 Bd4 19. Bxd4 Rxd4 20. Qxa7 e5
21. Bxc6 Bd3 22. Rfe1 Qxf2 23. Rxe5 Rfd8 24. Ree1 Bf5 25. Bd5 Rd7 26. Qb8+ Kg7
27. Qe5+ f6 28. Qe8 Rh4 29. Re7+ Rxe7 30. Qxe7+ Kh6 31. Re1 Be4 0-1

[Event "Quebec op Open"]
[Site "Montreal CAN"]
[Date "2010.07.30"]
[Round "8"]
[White "Ah-Lan, Kenny"]
[Black "Chiku-Ratte, Olivier-Kenta"]
[Result "1-0"]
[WhiteElo "2094"]
[BlackElo "1898"]
[PlyCount "57"]
[EventDate "2010.07.24"]
[EventType "swiss"]
[EventRounds "9"]
[EventCountry "CAN"]

1. d4 Nf6 2. c4 c5 3. d5 e6 4. Nc3 exd5 5. cxd5 d6 6. e4 g6 7. Nf3 Bg7 8. h3
O-O 9. Bd3 Nh5 10. O-O Nd7 11. a4 Ne5 12. Be2 Nxf3+ 13. Bxf3 Qh4 14. Be3 Nf4
15. Qd2 Be5 16. Bg4 f5 17. exf5 gxf5 18. Bxf4 fxg4 19. Bxe5 dxe5 20. g3 Qxh3
21. Qg5+ Kh8 22. Qxe5+ Kg8 23. Qg5+ Kh8 24. Rae1 h6 25. Qe5+ Kg8 26. Ne2 Rf5
27. Qe8+ Rf8 28. Qg6+ Kh8 29. Nf4 1-0

[Event "Quebec op Open"]
[Site "Montreal CAN"]
[Date "2010.07.31"]
[Round "9"]
[White "Chiku-Ratte, Olivier-Kenta"]
[Black "Poulin, Mathieu"]
[Result "0-1"]
[WhiteElo "1898"]
[BlackElo "2078"]
[PlyCount "78"]
[EventDate "2010.07.24"]
[EventType "swiss"]
[EventRounds "9"]
[EventCountry "CAN"]

1. d4 Nf6 2. c4 e6 3. Nc3 d5 4. cxd5 exd5 5. Bg5 Be7 6. e3 c6 7. Bd3 O-O 8. Qc2
Nbd7 9. Nf3 Re8 10. O-O Nf8 11. h3 g6 12. Bh6 Ne6 13. Rab1 Ng7 14. Bxg7 Kxg7
15. b4 b5 16. Ne5 Bb7 17. a4 a6 18. a5 Bd6 19. f4 Qe7 20. Qb3 Red8 21. Rfe1
Rac8 22. Ne2 Ne8 23. Ng3 Bb8 24. Bf1 Nd6 25. Nd3 Nc4 26. Qc3 Re8 27. Ne5 Rcd8
28. Bxc4 bxc4 29. Nf1 Rd6 30. Nh2 Bc8 31. Nhf3 f6 32. Ng4 Bf5 33. Rbd1 Re6 34.
Kf2 Bd6 35. Re2 Bxb4 36. Qc1 h5 37. Ngh2 Bd3 38. Ra2 c5 39. g4 Rxe3 0-1

[Event "Mercredi 2010.05.12 ABCD"]
[Site "Montreal CAN"]
[Date "2010.05.12"]
[Round "1"]
[White "Chiku-Ratte, Olivier-Kenta"]
[Black "Giroux, Robert"]
[Result "0-1"]
[WhiteElo "1914"]
[BlackElo "1858"]
[PlyCount "106"]
[EventDate "2010.05.12"]
[EventType "tourn"]
[EventRounds "5"]
[EventCountry "CAN"]

1. d4 Nf6 2. c4 e6 3. Nc3 Bb4 4. e3 b6 5. Nge2 Ba6 6. Ng3 Bxc3+ 7. bxc3 d5 8.
Ba3 Bxc4 9. Bxc4 dxc4 10. Qa4+ Qd7 11. Qxc4 Qc6 12. Qd3 Qa4 13. c4 Qa6 14. O-O
Nbd7 15. e4 O-O-O 16. Be7 Rde8 17. Bxf6 gxf6 18. f4 h5 19. e5 f5 20. a4 h4 21.
Ne2 Reg8 22. Kh1 h3 23. g3 Qb7+ 24. Qf3 Qxf3+ 25. Rxf3 Rd8 26. Nc3 a5 27. Nb5
f6 28. Re1 fxe5 29. fxe5 Rde8 30. Rfe3 Rhg8 31. d5 Nc5 32. d6 c6 33. Nc7 Rd8
34. Rf1 Rg4 35. Rf4 Rdg8 36. Ref3 Kd7 37. Kg1 Rxf4 38. Rxf4 Nd3 39. Rh4 Nxe5
40. Rh6 Rg6 41. Rxh3 Kxd6 42. Na6 Nxc4 43. Rh7 e5 44. Kf2 e4 45. h4 e3+ 46. Kf3
Ne5+ 47. Kxe3 Rxg3+ 48. Kf2 f4 49. h5 Ng4+ 50. Kf1 f3 51. Rf7 f2 52. h6 Rg1+
53. Ke2 Re1+ 0-1

[Event "Mercredi 2010.05.12 ABCD"]
[Site "Montreal CAN"]
[Date "2010.05.19"]
[Round "2"]
[White "Gerard, Patrice"]
[Black "Chiku-Ratte, Olivier-Kenta"]
[Result "0-1"]
[WhiteElo "1790"]
[BlackElo "1914"]
[PlyCount "70"]
[EventDate "2010.05.12"]
[EventType "tourn"]
[EventRounds "5"]
[EventCountry "CAN"]

1. e4 c5 2. Nc3 Nc6 3. f4 g6 4. Nf3 Bg7 5. Bc4 e6 6. O-O Nge7 7. Qe1 O-O 8. d3
d5 9. Bb3 Rb8 10. Qh4 b5 11. f5 dxe4 12. dxe4 exf5 13. Bh6 c4 14. Ng5 f6 15.
Nh3 cxb3 16. Be3 Be6 17. axb3 Qc7 18. Rf2 b4 19. Nf4 Bf7 20. Ncd5 Nxd5 21. Nxd5
Bxd5 22. exd5 Qe5 23. Qc4 Qxe3 24. dxc6+ Kh8 25. Rd1 Rfd8 26. Rd3 Rxd3 27. cxd3
Bf8 28. d4 Bd6 29. Kf1 Re8 30. Re2 Qf4+ 31. Ke1 Rxe2+ 32. Qxe2 Qe4 33. d5 Kg7
34. Kf1 Qxe2+ 35. Kxe2 Kf7 0-1

[Event "Mercredi 2010.05.12 ABCD"]
[Site "Montreal CAN"]
[Date "2010.05.26"]
[Round "3"]
[White "Chiku-Ratte, Olivier-Kenta"]
[Black "Gates, Claude-Eric"]
[Result "1-0"]
[WhiteElo "1914"]
[BlackElo "1790"]
[PlyCount "87"]
[EventDate "2010.05.12"]
[EventType "tourn"]
[EventRounds "5"]
[EventCountry "CAN"]

1. d4 Nf6 2. c4 e6 3. Nc3 Bb4 4. e3 O-O 5. Nge2 b5 6. cxb5 a6 7. Nf4 Ne4 8. Bd2
Nxd2 9. Qxd2 Qg5 10. bxa6 Nxa6 11. Be2 e5 12. dxe5 Qxe5 13. O-O Be7 14. Qd5
Qxd5 15. Nfxd5 Bd6 16. Nb5 Bb7 17. Bf3 Bxh2+ 18. Kxh2 Bxd5 19. Bxd5 c6 20. Bf3
Rab8 21. Nc3 Rxb2 22. Rab1 Rc2 23. Ne2 Ra8 24. Rfc1 Rxa2 25. Rb7 Rd8 26. Ra7
Nb4 27. Rxa2 Nxa2 28. Rb1 f5 29. Rb7 g6 30. g4 Rf8 31. Rxd7 fxg4 32. Bxg4 Rxf2+
33. Kg3 Rf6 34. Rb7 h5 35. Bd7 Rd6 36. Be8 Kf8 37. Bf7 Nb4 38. Nf4 Kg7 39.
Bxg6+ Kf6 40. Rxb4 c5 41. Rc4 Rc6 42. Bxh5 Ke5 43. Bf3 Rc8 44. Nd3+ 1-0

[Event "Mercredi 2010.05.12 ABCD"]
[Site "Montreal CAN"]
[Date "2010.06.01"]
[Round "4"]
[White "Lalonde, Paul"]
[Black "Chiku-Ratte, Olivier-Kenta"]
[Result "0-1"]
[WhiteElo "1946"]
[BlackElo "1914"]
[PlyCount "54"]
[EventDate "2010.05.12"]
[EventType "tourn"]
[EventRounds "5"]
[EventCountry "CAN"]

1. e4 c5 2. Nf3 d6 3. d4 cxd4 4. Nxd4 Nf6 5. Nc3 g6 6. f4 Nc6 7. Be2 Bg7 8.
Nxc6 bxc6 9. Be3 O-O 10. O-O Qa5 11. Qd2 Re8 12. a3 Ng4 13. b4 Qc7 14. Bd4 e5
15. fxe5 dxe5 16. Bc5 Bh6 17. Qd3 Be3+ 18. Bxe3 Rd8 19. Nd5 cxd5 20. Bg5 f6 21.
Bh4 dxe4 22. Qxe4 Bf5 23. Rxf5 gxf5 24. Qxf5 Qb6+ 25. Kh1 Ne3 26. Qe4 Qd4 27.
Bd3 Qxa1+ 0-1

[Event "Mercredi 2010.05.12 ABCD"]
[Site "Montreal CAN"]
[Date "2010.06.09"]
[Round "5"]
[White "Chiku-Ratte, Olivier-Kenta"]
[Black "Sasseville, Jean"]
[Result "0-1"]
[WhiteElo "1914"]
[BlackElo "1951"]
[PlyCount "56"]
[EventDate "2010.05.12"]
[EventType "tourn"]
[EventRounds "5"]
[EventCountry "CAN"]

1. d4 Nf6 2. c4 g6 3. Nc3 Bg7 4. e4 O-O 5. f4 d6 6. Nf3 c5 7. d5 e6 8. Be2 exd5
9. cxd5 Bg4 10. O-O Nbd7 11. Re1 Re8 12. h3 Bxf3 13. Bxf3 Qa5 14. Be3 b5 15. a3
Nb6 16. e5 Nc4 17. exf6 Nxe3 18. Qc1 Bxf6 19. Ne4 Bd4 20. Kh2 Nc4 21. Rb1 f5
22. Ng5 Be3 23. Rxe3 Rxe3 24. b3 Nd2 25. Qb2 Qc3 26. Qxc3 Rxc3 27. Re1 h6 28.
Ne6 Rxf3 0-1

[Event "Quebec-ch Elite"]
[Site "Montreal CAN"]
[Date "2010.05.07"]
[Round "1"]
[White "Chiku-Ratte, Olivier-Kenta"]
[Black "Chabot, Roland"]
[Result "1/2-1/2"]
[WhiteElo "1916"]
[BlackElo "2215"]
[PlyCount "63"]
[EventDate "2010.05.07"]
[EventType "swiss"]
[EventRounds "5"]
[EventCountry "CAN"]

1. d4 f5 2. Nc3 Nf6 3. Bg5 d5 4. Bxf6 exf6 5. e3 c6 6. Bd3 Na6 7. a3 Nc7 8. Qf3
g6 9. Nge2 Be6 10. O-O-O Bd6 11. h3 Qe7 12. Rdg1 O-O-O 13. g4 fxg4 14. hxg4
Rhf8 15. Qh3 Rd7 16. Qh6 f5 17. g5 Kb8 18. Nf4 Bg8 19. Re1 Ne8 20. Nce2 Bc7 21.
Kd2 Nd6 22. Reg1 Re8 23. Qh4 Nc4+ 24. Bxc4 dxc4 25. Kc1 Bd6 26. Rd1 Bc7 27. Nc3
Bd5 28. Nfe2 Bd8 29. Qf4+ Bc7 30. Qh4 Bd8 31. Qf4+ Bc7 32. Qh4 1/2-1/2

[Event "Quebec-ch Elite"]
[Site "Montreal CAN"]
[Date "2010.05.08"]
[Round "2"]
[White "Ramaswamy, Kishor"]
[Black "Chiku-Ratte, Olivier-Kenta"]
[Result "1-0"]
[WhiteElo "2200"]
[BlackElo "1916"]
[PlyCount "75"]
[EventDate "2010.05.07"]
[EventType "swiss"]
[EventRounds "5"]
[EventCountry "CAN"]

1. d4 Nf6 2. Nf3 c5 3. c3 b6 4. Bg5 d5 5. e3 e6 6. Nbd2 Nbd7 7. Bd3 Bd6 8. O-O
O-O 9. Qe2 e5 10. dxe5 Nxe5 11. Nxe5 Bxe5 12. f4 Bd6 13. Bxf6 Qxf6 14. Qh5 g6
15. Qxd5 Qe6 16. Qxa8 Qxe3+ 17. Rf2 Qxd3 18. Qe4 Qb5 19. Nc4 Bc7 20. Ne5 Bxe5
21. fxe5 Bf5 22. Qe2 c4 23. Re1 Be6 24. Rd1 h5 25. Qe4 Qa4 26. Rd6 Re8 27. a3
Qb3 28. h3 Qa2 29. Kh2 Qa1 30. Qd4 Qe1 31. Rd8 Rxd8 32. Qxd8+ Kh7 33. Qf6 b5
34. Qf4 a5 35. Rd2 a4 36. Rd8 h4 37. Rd4 Kg8 38. Re4 1-0

[Event "Quebec-ch Elite"]
[Site "Montreal CAN"]
[Date "2010.05.08"]
[Round "3"]
[White "Le Duin, Thierry"]
[Black "Chiku-Ratte, Olivier-Kenta"]
[Result "0-1"]
[WhiteElo "2036"]
[BlackElo "1916"]
[PlyCount "64"]
[EventDate "2010.05.07"]
[EventType "swiss"]
[EventRounds "5"]
[EventCountry "CAN"]

1. d4 Nf6 2. Nf3 c5 3. e3 g6 4. c3 b6 5. Nbd2 Bb7 6. Bd3 d6 7. O-O Bg7 8. b3
O-O 9. Bb2 Nbd7 10. c4 Rc8 11. d5 b5 12. Bc3 Qc7 13. Qc2 b4 14. Bb2 e6 15. e4
exd5 16. exd5 Rfe8 17. Ng5 Ne5 18. h3 Nxd3 19. Qxd3 h6 20. Ngf3 Nxd5 21. Bxg7
Nf4 22. Qc2 Kxg7 23. Qb2+ f6 24. a3 Re2 25. Qb1 Qc6 26. Qd1 Nxh3+ 27. Kh2 Nf4
28. axb4 a6 29. b5 Qd7 30. Kg3 h5 31. Nh2 h4+ 32. Kxh4 g5+ 0-1

[Event "Quebec-ch Elite"]
[Site "Montreal CAN"]
[Date "2010.05.09"]
[Round "4"]
[White "Chiku-Ratte, Olivier-Kenta"]
[Black "Libersan, Thierry"]
[Result "0-1"]
[WhiteElo "1916"]
[BlackElo "2113"]
[PlyCount "74"]
[EventDate "2010.05.07"]
[EventType "swiss"]
[EventRounds "5"]
[EventCountry "CAN"]

1. d4 c5 2. d5 e6 3. c4 Nf6 4. Nc3 exd5 5. cxd5 d6 6. e4 a6 7. a4 g6 8. f4 Bg7
9. Nf3 O-O 10. Be2 Bg4 11. O-O Nbd7 12. Re1 Bxf3 13. Bxf3 Re8 14. Be3 b6 15.
Bf2 c4 16. a5 b5 17. Bd4 Qc7 18. Kh1 Nc5 19. Bxc5 Qxc5 20. e5 dxe5 21. fxe5 Nd7
22. e6 Ne5 23. Ne4 Qb4 24. Ng5 fxe6 25. dxe6 Rad8 26. Bd5 Qc5 27. Rxe5 Bxe5 28.
Qf3 Qe7 29. Nf7 Rxd5 30. Qxd5 Qxe6 31. Nh6+ Kg7 32. Qd2 Bxb2 33. Rf1 Bf6 34.
Qf4 Qe5 35. Qd2 c3 36. Qc1 Bg5 37. Rf7+ Kxh6 0-1

[Event "Quebec-ch Elite"]
[Site "Montreal CAN"]
[Date "2010.05.09"]
[Round "5"]
[White "Giroux, Robert"]
[Black "Chiku-Ratte, Olivier-Kenta"]
[Result "1-0"]
[WhiteElo "1776"]
[BlackElo "1916"]
[PlyCount "81"]
[EventDate "2010.05.07"]
[EventType "swiss"]
[EventRounds "5"]
[EventCountry "CAN"]

1. d4 Nf6 2. c4 c5 3. Nf3 cxd4 4. Nxd4 g6 5. Nc3 Bg7 6. e4 d6 7. Be2 Nc6 8. Be3
O-O 9. O-O Bd7 10. f4 Qb6 11. Nc2 Qd8 12. Nd4 Ng4 13. Bxg4 Bxd4 14. Bxd4 Bxg4
15. Qxg4 Nxd4 16. Qd1 Nc6 17. Kh1 Na5 18. b3 a6 19. Qd3 Rc8 20. Rad1 Rc6 21. f5
Qc8 22. Nd5 Re8 23. f6 e6 24. Qe3 Kh8 25. Qh6 Rg8 26. Ne7 Qf8 27. Qxf8 Rxf8 28.
Nxc6 Nxc6 29. Rxd6 e5 30. Rfd1 Nd4 31. R1xd4 exd4 32. Rxd4 Re8 33. e5 h5 34.
Rd5 g5 35. Kg1 Kh7 36. Kf2 Kg6 37. Ke3 Kf5 38. Kd4 Kf4 39. Rd7 Rxe5 40. Re7 Rf5
41. Re4# 1-0

[Event "Lanaudiere op U2000"]
[Site "Repentigny CAN"]
[Date "2010.04.17"]
[Round "3"]
[White "Chiku-Ratte, Olivier-Kenta"]
[Black "Cvetkovic, Simeon"]
[Result "0-1"]
[WhiteElo "1808"]
[BlackElo "1945"]
[PlyCount "84"]
[EventDate "2010.04.17"]
[EventType "swiss"]
[EventRounds "5"]
[EventCountry "CAN"]

1. d4 d5 2. c4 c6 3. Nf3 Nf6 4. Nc3 dxc4 5. a4 Bf5 6. Ne5 e6 7. Nxc4 Bb4 8. e3
O-O 9. Be2 Nbd7 10. O-O Qe7 11. Bd2 e5 12. dxe5 Nxe5 13. Nxe5 Qxe5 14. Qb3 a5
15. Rad1 Rab8 16. Bf3 Bd6 17. g3 Bh3 18. Rfe1 Bg4 19. Bxg4 Nxg4 20. e4 Qh5 21.
h4 Bc5 22. Be3 Nxe3 23. fxe3 Qf3 24. Ne2 Bxe3+ 25. Kh2 Bg1+ 26. Nxg1 Qxb3 27.
Rd2 Qxa4 28. Nf3 Rfd8 29. Red1 Rxd2+ 30. Rxd2 Qxe4 31. Ng5 Qb4 32. Re2 h6 33.
Ne4 f5 34. Nf2 f4 35. g4 f3 36. Rc2 Re8 37. Kg3 Rf8 38. h5 Qf4+ 39. Kh3 Re8 40.
Nd3 Qe4 41. Rd2 f2 42. Rd1 Qxd3+ 0-1